[Event "Tourn. n9721"]
[Site "www.chess-mail.com"]
[Date "2018.05.01"]
[Round "1"]
[White "Esperanza"]
[Black "Bojan"]
[WhiteElo "2020"]
[BlackElo "1940"]
[Result "1-0"]
[Round "1"]
1.d4 d5
2.c4 Ng8f6
3.cxd5 Qd8xd5
4.Nb1c3 Qd5a5
5.Ng1f3 h6
6.e3 c6
7.Bf1d3 Nf6d5
8.Bc1d2 Nd5b4
9.Bd3b1 Qa5a6
10.Qd1e2 Bc8g4
11.Qe2xa6 Nb8xa6
12.Nf3e5 Bg4h5
13.g4 f6
14.gxh5 fxe5
15.dxe5 O-O-O
16.a3 Nb4d3
17.Bb1xd3 Rd8xd3
18.Ke2 Rd3d8
19.b4 e6
20.Nc3e4 Bf8e7
21.Rh1g1 Rh8g8
22.Rg1g6 Kd7
23.Ra1g1 Kc8
24.Rg6xe6 Be7h4
25.Rg1g4 Na6c7
26.Re6g6 Bh4e7
27.Rg6xg7 Rg8xg7
28.Rg4xg7 Be7f8
29.Rg7h7 b6
30.f4 Kb7
31.f5 b5
32.e6 Rd8e8
33.Ne4f6 Re8e7
34.Rh7xe7 Bf8xe7
35.Nf6g8 Be7h4
36.Ng8xh6 Nc7e8
37.Kf3 Ne8f6
38.Nh6g4 Nf6xh5
39.e4 Kc7
40.e5 Nh5g7
41.Ke4 Kd8
42.Bd2h6 Ng7e8
43.f6 Ne8c7
44.Kf5 Nc7d5
45.e7 Nd5xe7
46.fxe7 Kxe7
47.Bh6g5 { resign }
1-0

[Event "Tourn. n9740"]
[Site "www.chess-mail.com"]
[Date "2018.05.01"]
[Round "1"]
[White "Tartan"]
[Black "Szustan"]
[WhiteElo "2510"]
[BlackElo "2630"]
[Result "1/2-1/2"]
[Round "1"]
1.e4 e5
2.Ng1f3 Nb8c6
3.Bf1b5 a6
4.Bb5a4 Ng8f6
5.O-O Nf6xe4
6.d4 b5
7.Ba4b3 d5
8.dxe5 Bc8e6
9.c3 Bf8e7
10.Nb1d2 O-O
11.Bb3c2 f5
12.Nd2b3 Qd8d7
13.Nf3d4 Nc6xd4
14.cxd4 a5
15.f3 a4
16.fxe4 axb3
17.Bc2xb3 fxe4
18.Bc1e3 Rf8xf1
19.Qd1xf1 c6
20.Qf1e2 h6
21.Ra1c1 b4
22.Qe2c2 Ra8c8
23.Bb3a4 Qd7b7
24.b3 Be6d7
25.Qc2e2 Qb7b6
{ draw }
1/2-1/2

[Event "Tourn. n9739"]
[Site "www.chess-mail.com"]
[Date "2018.05.01"]
[Round "1"]
[White "Caspito"]
[Black "Ditto"]
[WhiteElo "1950"]
[BlackElo "1880"]
[Result "1-0"]
[Round "1"]
1.e4 e5
2.Ng1f3 Nb8c6
3.Bf1c4 Ng8f6
4.Bc4xf7 Kxf7
5.Nf3g5 Ke8
6.c3 d6
7.Qd1b3 Qd8e7
8.d4 exd4
9.O-O Nc6a5
10.Qb3b5 Na5c6
11.Nb1d2 Ra8b8
12.Nd2f3 d3
13.Qb5xd3 Bc8g4
14.Bc1e3 Qe7d7
15.Qd3c4 Bg4h5
16.Ra1d1 Bf8e7
17.Rd1d2 Nc6a5
18.Qc4d3 Bh5g6
19.Rf1e1 Qd7c6
20.Be3xa7 Rb8a8
21.Ba7d4 Qc6d7
22.b4 Na5c6
23.b5 Nc6d8
24.c4 b6
25.Qd3b3 Nd8b7
26.c5 bxc5
27.Bd4xf6 Be7xf6
28.e5 Bf6xg5
29.Nf3xg5 Nb7d8
30.exd6 Kf8
31.Ng5e6 Nd8xe6
32.Qb3f3 Bg6f7
33.Qf3xa8 Bf7e8
34.Re1d1 Ne6d4
35.a4 Kf7
36.Qa8d5 Kf8
37.Qd5e5 cxd6
38.Qe5f4 Be8f7
39.h3 Qd7c7
40.Qf4e4 g6
41.Qe4f4 Nd4e2
42.Rd2xe2 Kg7
43.Qf4xd6 Qc7c8
44.Re2e7 Rh8f8
45.b6 Kg8
46.a5 c4
47.Qd6c7 Qc8a6
48.b7 Qa6a7
49.Re7xf7 Rf8xf7
50.b8Q { resign }
1-0

[Event "Tourn. n9798"]
[Site "www.chess-mail.com"]
[Date "2018.05.01"]
[Round "1"]
[White "Drawlward"]
[Black "Coolant"]
[WhiteElo "2570"]
[BlackElo "2330"]
[Result "1-0"]
[Round "1"]
1.e4 Nb8c6
2.d4 d5
3.e5 f6
4.f4 Bc8f5
5.Ng1f3 e6
6.c3 Ng8h6
7.Nb1d2 Qd8d7
8.Bf1e2 O-O-O
9.b4 Bf8xb4
10.cxb4 Nc6xb4
11.O-O Nb4c2
12.Ra1b1 Nc2e3
13.Qd1b3 Bf5xb1
14.Qb3xe3 Bb1c2
15.Bc1a3 Nh6f5
16.Qe3c3 Bc2a4
17.Nd2b3 Ba4xb3
18.Qc3xb3 h5
19.Rf1c1 Kb8
20.Be2b5 Qd7c8
21.Ba3c5 b6
22.Qb3a4 Qc8b7
23.Bb5c6 Qb7c8
24.Rc1c3 a5
25.Qa4xa5 bxa5
26.Rc3b3 Qc8b7
27.Rb3xb7 Kc8
28.Rb7a7 { resign }
1-0

[Event "Tourn. n9781"]
[Site "www.chess-mail.com"]
[Date "2018.05.01"]
[Round "1"]
[White "Conde7"]
[Black "Drawlward"]
[WhiteElo "2860"]
[BlackElo "2550"]
[Result "1-0"]
[Round "1"]
1.a3 g6
2.e4 Bf8g7
3.d4 d6
4.Ng1f3 Ng8f6
5.Bf1d3 e5
6.c3 O-O
7.dxe5 dxe5
8.O-O Nb8d7
9.Bc1e3 Qd8e7
10.b4 b6
11.Qd1c2 c5
12.Nb1d2 Bc8b7
13.Nd2c4 Rf8d8
14.b5 a6
15.a4 Nf6g4
16.Be3g5 Ng4f6
17.Nf3d2 axb5
18.axb5 h6
19.Bg5h4 Ra8xa1
20.Rf1xa1 Nd7f8
21.Nd2f3 Nf8e6
22.Nc4xe5 Qe7d6
23.Qc2b3 Qd6c7
24.Bd3c4 Rd8e8
25.Ra1d1 Nf6xe4
26.Rd1d7 Bg7xe5
27.Rd7xc7 Be5xc7
28.Bh4g3 Ne4xg3
29.hxg3 Re8e7
30.Bc4d5 Bb7xd5
31.Qb3xd5 h5
32.Nf3e5 Ne6f8
33.Ne5c4 h4
34.Kf1 hxg3
35.Qd5c6 gxf2
36.Kxf2 Bc7d8
37.Qc6a8 Bd8c7
38.Nc4e3 Re7e6
39.Ne3d5 Bc7e5
40.Qa8a7 Kg7
41.Nd5xb6 Be5xc3
42.Nb6c4 Bc3e1
43.Kf3 Re6f6
44.Kg4 Rf6e6
45.Qa7a1 Kg8
46.Kf3 { resign }
1-0

[Event "Tourn. n9680"]
[Site "www.chess-mail.com"]
[Date "2018.05.01"]
[Round "1"]
[White "Sahlapalat"]
[Black "Tarasch"]
[WhiteElo "2080"]
[BlackElo "1840"]
[Result "1/2-1/2"]
[Round "1"]
1.d4 d5
2.c4 c6
3.Ng1f3 Ng8f6
4.Nb1c3 e6
5.e3 Nb8d7
6.Bf1d3 dxc4
7.Bd3xc4 b5
8.Bc4d3 Bc8b7
9.O-O a6
10.e4 c5
11.d5 c4
12.Bd3c2 Qd8c7
13.dxe6 fxe6
14.e5 Nd7xe5
15.Nf3xe5 Qc7xe5
16.Rf1e1 Qe5d6
17.Qd1xd6 Bf8xd6
18.Re1xe6 Kd7
19.Bc2f5 Kc7
20.Bc1g5 Bb7c8
21.Re6xd6 Kxd6
22.Ra1d1 Kc6
23.Bg5xf6 Bc8xf5
24.Bf6xg7 Rh8d8
25.Rd1e1 Rd8e8
26.Bg7e5 Ra8d8
27.f4 Rd8d2
28.Nc3e2 b4
29.h3 Kc5
30.g4 Bf5d3
31.Ne2c1 Kd5
32.Nc1xd3 Rd2xd3
33.Kg2 c3
34.bxc3 bxc3
35.Be5xc3 Re8xe1
36.Bc3xe1 Rd3d1
37.Be1b4 Rd1d4
38.a3 Rd4xf4
39.Kg3 Rf4c4
40.Kh4 Rc4c6
41.Kh5 Ke5
42.h4 Rc6g6
43.Bb4c3 Kf4
44.g5 Kg3
{ draw }
1/2-1/2

[Event "Match"]
[Site "www.echecsemail.com"]
[Date "2018.05.01"]
[Round "1"]
[White "Sonny1000"]
[Black "Iko"]
[WhiteElo "1540"]
[BlackElo "1760"]
[Result "1-0"]
[Round "1"]
1.e4 e5
2.Ng1f3 Nb8c6
3.c3 d5
4.d4 dxe4
5.dxe5 Bc8g4
6.Qd1b3 exf3
7.gxf3 Bg4xf3
8.Bf1c4 Bf3d1
9.Bc4xf7 Ke7
10.Qb3e6 
1-0

[Event "Match"]
[Site "www.echecsemail.com"]
[Date "2018.05.01"]
[Round "1"]
[White "Dussek"]
[Black "Lucid1963"]
[WhiteElo "1810"]
[BlackElo "1599"]
[Result "0-1"]
[Round "1"]
1.c4 c5
2.Ng1f3 g6
3.Nb1c3 Bf8g7
4.e4 Nb8c6
5.g3 d6
6.Bf1g2 Ng8f6
7.d3 O-O
8.O-O b6
9.Nc3d5 e6
10.Nd5c3 Bc8b7
11.Bc1g5 h6
12.Bg5e3 d5
13.e5 Nf6d7
14.Qd1c2 Nd7xe5
15.Rf1e1 d4
16.Nf3xe5 Qd8c7
17.Be3f4 Nc6xe5
18.Bg2xb7 Ne5f3
19.Kh1 Nf3xe1
20.Ra1xe1 Qc7xb7
21.Nc3e4 e5
22.Bf4d2 f5
{ resign }
0-1

[Event "Match"]
[Site "www.echecsemail.com"]
[Date "2018.05.01"]
[Round "1"]
[White "Ditto"]
[Black "Carazo"]
[WhiteElo "1990"]
[BlackElo "1830"]
[Result "1-0"]
[Round "1"]
1.e4 e5
2.Ng1f3 Nb8c6
3.Bf1c4 h6
4.d3 Ng8f6
5.c3 Bf8c5
6.Qd1b3 O-O
7.O-O Nc6a5
8.Qb3b5 b6
9.Qb5a4 d6
10.b4 Bc8d7
11.Qa4d1 Bc5xf2
12.Rf1xf2 Na5c6
13.Bc1b2 Bd7g4
14.Nb1d2 a5
15.b5 Nc6e7
16.a4 Qd8d7
17.Nd2f1 Nf6h5
18.Nf1e3 Bg4xf3
19.Qd1xf3 Nh5f6
20.Ne3c2 d5
21.exd5 Ne7g6
22.Nc2e3 Ra8e8
23.Bc4b3 Ng6h4
24.Qf3e2 Nh4g6
25.c4 Ng6f4
26.Qe2d1 g5
27.Bb2a3 c5
28.Ba3b2 Kg7
29.Bb2c3 Rf8h8
30.Bb3c2 Re8e7
31.Qd1c1 Nf6g4
32.Ne3xg4 Qd7xg4
33.Bc2d1 Qg4f5
34.Bd1c2 Qf5g4
35.Qc1e3 f6
36.Qe3e4 h5
37.Bc2d1 Qg4c8
38.Qe4e3 h4
39.Bd1c2 h3
40.Qe3e4 Nf4xg2
41.Bc2d1  { time }
1-0

[Event "Match"]
[Site "www.echecsemail.com"]
[Date "2018.05.01"]
[Round "1"]
[White "Ztornad"]
[Black "Paco"]
[WhiteElo "1670"]
[BlackElo "2040"]
[Result "1-0"]
[Round "1"]
1.d4 d5
2.Nb1c3 Ng8f6
3.g3 e6
4.Ng1f3 Nf6e4
5.Nc3xe4 dxe4
6.Nf3e5 Qd8f6
7.e3 Bf8d6
8.Bf1b5 c6
9.Bb5e2 c5
10.Ne5c4 Bd6e7
11.dxc5 O-O
12.O-O Be7xc5
13.Bc1d2 b5
14.Bd2c3 Qf6e7
15.Nc4e5 a6
16.a4 b4
17.Bc3d4 Bc5d6
18.Ne5c4 e5
19.Nc4b6 exd4
20.Nb6xa8 d3
21.cxd3 Qe7b7
22.dxe4 Bd6e5
23.Be2f3 Qb7xa8
24.Ra1b1 Bc8h3
25.Qd1d5 Nb8c6
26.Rf1c1 Be5f6
27.Bf3e2 Nc6e7
28.Qd5xa8 Rf8xa8
29.Rc1d1 h6
30.f4 g5
31.f5 Ne7c6
32.Rd1d6 Kg7
33.Rd6xc6 g4
34.b3 a5
35.Rb1d1 Bf6g5
36.Kf2 Ra8e8
37.Be2d3 h5
38.Rc6a6 Re8e5
39.Bd3b1 h4
40.Rd1d5 Re5xe4
41.Bb1xe4 hxg3
42.hxg3 { resign }
1-0

[Event "Match"]
[Site "www.echecsemail.com"]
[Date "2018.05.01"]
[Round "1"]
[White "Eeze"]
[Black "Juheset"]
[WhiteElo "1719"]
[BlackElo "1809"]
[Result "0-1"]
[Round "1"]
1.e4 c5
2.c3 Ng8f6
3.d3 e5
4.h3 Nb8c6
5.Ng1f3 d5
6.Qd1c2 Bf8e7
7.Bf1e2 d4
8.O-O a6
9.a3 Bc8e6
10.Nf3g5 Be6d7
11.Qc2b3 O-O
12.Qb3xb7 Nc6a5
13.Qb7xa8 Qd8xa8
14.cxd4 cxd4
15.Ng5f3 Na5b3
16.Ra1a2 Bd7e6
17.Nf3xe5 Nb3xc1
18.Rf1xc1 Be6xa2
19.Nb1d2 Rf8c8
20.Rc1a1 Ba2e6
21.Ne5c4 Be6xc4
22.dxc4 Nf6xe4
23.Nd2xe4 Qa8xe4
24.Be2f3 Qe4c2
25.Bf3d5 Qc2xb2
26.Ra1e1 Be7xa3
27.f3 d3
{ resign }
0-1

[Event "1/16 Finale"]
[Site "www.chess-mail.com"]
[Date "2018.05.01"]
[Round "1"]
[White "George1955"]
[Black "Hennie4820"]
[WhiteElo "2700"]
[BlackElo "2070"]
[Result "1-0"]
[Round "1"]
1.e4 c5
2.Ng1f3 e6
3.d4 cxd4
4.Nf3xd4 Ng8f6
5.Nb1c3 d6
6.g4 h6
7.h4 Nb8c6
8.Rh1g1 e5
9.Nd4b3 Bc8e6
10.g5 hxg5
11.hxg5 Nf6d7
12.Bc1e3 g6
13.Qd1f3 Ra8c8
14.O-O-O Bf8e7
15.Kb1 Nc6b4
16.Rg1h1 Rh8xh1
17.Qf3xh1 Be7xg5
18.Qh1h8 Nd7f8
19.Be3c5 Rc8xc5
20.Nb3xc5 Qd8e7
21.Bf1b5 Nb4c6
22.Nc3d5 Be6xd5
23.exd5 dxc5
24.dxc6 Qe7c7
25.cxb7 Ke7
26.Bb5c4 Qc7xb7
27.Qh8xe5 Nf8e6
28.Bc4xe6 fxe6
29.Qe5g7 { resign }
1-0

[Event "1/128 Finale"]
[Site "www.chess-mail.com"]
[Date "2018.05.01"]
[Round "1"]
[White "Mitja"]
[Black "Bojan"]
[WhiteElo "1980"]
[BlackElo "1980"]
[Result "1/2-1/2"]
[Round "1"]
1.d4 g6
2.e3 Bf8g7
3.c3 f5
4.Ng1f3 d5
5.Nb1d2 a6
6.Nd2b3 b6
7.Bf1e2 Bc8b7
8.O-O Nb8d7
9.h3 e5
10.dxe5 Nd7xe5
11.Nf3xe5 Bg7xe5
12.Nb3d4 c5
13.Nd4f3 Be5g7
14.Qd1d2 Ng8f6
15.Nf3g5 Qd8e7
16.Ng5f3 Nf6e4
17.Qd2c2 O-O
18.Nf3d2 Ne4xd2
19.Qc2xd2 Ra8d8
20.Qd2c2 Bg7h6
21.b3 b5
22.Bc1b2 Qe7g5
23.Be2f3 Rf8f7
24.Ra1d1 f4
25.exf4 Qg5h4
26.Bb2c1 Bh6xf4
27.Bc1xf4 Qh4xf4
28.Qc2e2 Kf8
29.Rd1e1 Qf4g5
30.c4 bxc4
31.bxc4 Rd8d7
32.cxd5 c4
33.Qe2b2 Rf7f6
34.Kh1 Bb7xd5
35.Bf3xd5 Rd7xd5
36.Qb2b4 Rd5c5
37.Re1d1 Kg7
38.Rd1d7 Rf6f7
39.Qb4b7 Qg5f6
40.f3 c3
41.Rd7xf7 Qf6xf7
42.Qb7xa6 Qf7c7
43.Qa6d3 Rc5a5
44.Rf1c1 Ra5c5
45.a4 h6
46.Qd3d4 Kh7
47.Rc1c2 Rc5c4
48.Qd4e3 Rc4xa4
49.Kg1 Ra4a3
50.Kf2 Ra3b3
51.Qe3c1 Qc7b6
52.Kg3 Qb6d6
53.Kf2 Rb3b2
54.Kg1 Qd6b6
55.Kh2 Rb2xc2
56.Qc1xc2 Qb6b2
57.Qc2d3 c2
58.Qd3d7 Kg8
59.Qd7e8 Kg7
60.Qe8e7 Kg8
61.Qe7e8 Kh7
{ draw }
1/2-1/2

[Event "Tourn. n9777"]
[Site "www.chess-mail.com"]
[Date "2018.05.02"]
[Round "1"]
[White "Picifarkinca"]
[Black "Falcoale"]
[WhiteElo "1890"]
[BlackElo "1860"]
[Result "0-1"]
[Round "1"]
1.d4 Ng8f6
2.c4 b6
3.Nb1c3 e6
4.Ng1f3 Bc8b7
5.a3 d5
6.e3 Bf8e7
7.Qd1c2 Nb8d7
8.b4 O-O
9.Bc1b2 c6
10.c5 Rf8e8
11.Bf1d3 bxc5
12.bxc5 Be7f8
13.Nc3e2 h6
14.O-O Nf6e4
15.Bd3xe4 dxe4
16.Nf3e5 Nd7xe5
17.dxe5 Bb7a6
18.Rf1d1 Qd8c7
19.Qc2xe4 Ba6xe2
{ resign }
0-1

[Event "Tourn. n9753"]
[Site "www.chess-mail.com"]
[Date "2018.05.02"]
[Round "1"]
[White "Libiesse"]
[Black "Falcoale"]
[WhiteElo "1750"]
[BlackElo "1850"]
[Result "1-0"]
[Round "1"]
1.Ng1f3 c5
2.e3 e6
3.c4 Nb8c6
4.d4 cxd4
5.exd4 Ng8f6
6.Bc1g5 h6
7.Bg5h4 Bf8e7
8.Nb1c3 O-O
9.Bf1d3 b6
10.O-O Bc8b7
11.Rf1e1 Nc6b4
12.Bd3b1 Ra8c8
13.a3 Nb4c6
14.Qd1d3 g6
15.d5 Nc6a5
16.d6 Be7xd6
17.Qd3xd6 Na5xc4
18.Qd6d4 Kg7
19.Nf3e5 g5
20.Bh4xg5 hxg5
21.Ne5xc4 Rf8h8
22.Nc4d6 Rc8b8
23.Re1e5 Rh8h6
24.Re5xg5 Kf8
25.Nd6xb7 Rb8xb7
26.Nc3e4 Qd8c7
27.Qd4d6 Qc7xd6
28.Ne4xd6 Rb7c7
29.Bb1d3 Ke7
30.Nd6c4 Nf6d5
31.Rg5g4 Nd5f6
32.Rg4g3 Rh6h4
33.Nc4e3 Nf6e4
34.Bd3xe4 Rh4xe4
35.Kf1 d5
36.Rg3g4 Re4xg4
37.Ne3xg4 Rc7c2
38.b4 Kd6
39.h4 d4
40.f3 d3
41.Ng4e3 Rc2c3
42.Ke1 f6
43.Kd2 Rc3b3
44.h5 a5
45.h6 axb4
46.h7 Rb3xa3
47.Ne3c4 { resign }
1-0

[Event "Tourn. n9773"]
[Site "www.chess-mail.com"]
[Date "2018.05.02"]
[Round "1"]
[White "Reignblowcan"]
[Black "Cal"]
[WhiteElo "1499"]
[BlackElo "1660"]
[Result "1-0"]
[Round "1"]
1.d4 d5
2.c4 dxc4
3.e3 b5
4.a4 e6
5.axb5 Bc8b7
6.Ng1f3 h6
7.Bf1xc4 Bf8b4
8.Bc1d2 Ng8e7
9.Bd2xb4 O-O
10.Nf3e5 Bb7d5
11.Bc4xd5 exd5
12.Nb1c3 Nb8d7
13.Bb4xe7 Qd8xe7
14.Nc3xd5 Qe7d6
15.Ne5c6 Rf8e8
16.Qd1f3 Nd7f6
17.Nd5xf6 gxf6
18.O-O Kh8
19.Ra1a6 Re8g8
20.Nc6e5 Qd6b4
21.Ne5xf7 Kh7
22.Ra6xf6 Rg8g7
23.Rf6xh6 Kg8
24.Rh6h8 { resign }
1-0

[Event "Tourn. n9692"]
[Site "www.chess-mail.com"]
[Date "2018.05.02"]
[Round "1"]
[White "Numanoid"]
[Black "Seger"]
[WhiteElo "2420"]
[BlackElo "2780"]
[Result "1/2-1/2"]
[Round "1"]
1.b4 e5
2.Bc1b2 Bf8xb4
3.Bb2xe5 Ng8f6
4.Ng1f3 Bb4e7
5.Be5b2 d5
6.e3 c5
7.c4 Nb8c6
8.cxd5 Nf6xd5
9.Bf1e2 Be7f6
10.Bb2xf6 Qd8xf6
11.Nb1a3 O-O
12.O-O Rf8d8
13.Qd1c1 b6
14.Na3c4 Bc8e6
15.Qc1b2 Qf6xb2
16.Nc4xb2 Nd5e7
17.Rf1d1 h6
18.h3 Ra8c8
19.Be2a6 Rc8c7
20.Ba6e2 g5
21.Be2c4 Be6xc4
22.Nb2xc4 b5
23.Nc4b2 f6
24.Ra1c1 Nc6e5
25.Nf3xe5 fxe5
26.a4 a6
27.d3 Rc7c8
28.g3 Ne7d5
29.axb5 axb5
30.e4 Nd5b4
31.Rc1c3 Kf8
32.Rd1a1 Rc8a8
33.Ra1xa8 Rd8xa8
34.Rc3xc5 Ra8a2
35.Rc5xe5 Ra2xb2
36.Re5xb5 Nb4xd3
37.Rb5xb2 Nd3xb2
38.Kg2 Nb2d3
39.Kf3 Kf7
{ draw }
1/2-1/2

[Event "Tourn. n9791"]
[Site "www.chess-mail.com"]
[Date "2018.05.02"]
[Round "1"]
[White "Falcoale"]
[Black "Picifarkinca"]
[WhiteElo "1890"]
[BlackElo "1920"]
[Result "1-0"]
[Round "1"]
1.e4 c6
2.d4 d5
3.exd5 cxd5
4.Ng1f3 Ng8f6
5.Bc1f4 Qd8b6
6.b3 Nb8c6
7.c3 Bc8f5
8.Bf1d3 Bf5e4
9.O-O e6
10.Nf3e5 Ra8c8
11.Ne5xc6 Qb6xc6
12.Bd3xe4 Nf6xe4
13.f3 Ne4xc3
14.Nb1xc3 Qc6xc3
15.Ra1c1 { resign }
1-0

[Event "Tourn. n9783"]
[Site "www.chess-mail.com"]
[Date "2018.05.02"]
[Round "1"]
[White "Karadayi"]
[Black "Luizassis"]
[WhiteElo "1259"]
[BlackElo "1350"]
[Result "1-0"]
[Round "1"]
1.c4 e5
2.Nb1c3 Bf8c5
3.e4 Ng8f6
4.d3 O-O
5.Bc1g5 Nb8c6
6.Ng1f3 d6
7.Bf1e2  { time }
1-0

[Event "Tourn. n9795"]
[Site "www.chess-mail.com"]
[Date "2018.05.02"]
[Round "1"]
[White "Rons"]
[Black "Pdebonis"]
[WhiteElo "2660"]
[BlackElo "2690"]
[Result "1/2-1/2"]
[Round "1"]
1.e4 e5
2.Ng1f3 Nb8c6
3.Bf1b5 a6
4.Bb5a4 Ng8f6
5.O-O Bf8e7
6.Rf1e1 b5
7.Ba4b3 O-O
8.a4 b4
9.d4 d6
10.dxe5 Nc6xe5
11.Nf3xe5 dxe5
12.Qd1f3 Be7c5
13.Nb1d2 Nf6g4
14.Re1f1 Ng4f6
15.Rf1e1 Nf6g4
{ draw }
1/2-1/2

[Event "Tourn. n9796"]
[Site "www.chess-mail.com"]
[Date "2018.05.02"]
[Round "1"]
[White "Reignblowcan"]
[Black "Picifarkinca"]
[WhiteElo "1849"]
[BlackElo "1930"]
[Result "1-0"]
[Round "1"]
1.d4 Ng8f6
2.Ng1f3 c6
3.g3 d5
4.c4 e6
5.Nb1d2 Nb8d7
6.Bf1g2 Bf8e7
7.O-O O-O
8.Qd1c2 c5
9.dxc5 Nd7xc5
10.b4 Nc5e4
11.a3 dxc4
12.Nd2xe4 { resign }
1-0

[Event "Match"]
[Site "www.echecsemail.com"]
[Date "2018.05.02"]
[Round "1"]
[White "Virgil08bv"]
[Black "Juheset"]
[WhiteElo "2489"]
[BlackElo "1809"]
[Result "1-0"]
[Round "1"]
1.e4 Ng8f6
2.e5 Nf6d5
3.d4 c5
4.c4 Nd5c7
5.d5 Nc7a6
6.Bf1d3 Qd8b6
7.Nb1c3 d6
8.Ng1f3 Na6b4
9.Bd3b1 e6
10.a3 Nb4a6
11.Nf3g5 g6
12.Qd1f3 Qb6c7
13.Nc3b5 Qc7d7
14.Ng5e4 dxe5
15.Ne4f6 Ke7
16.Nf6xd7 Nb8xd7
17.d6 Kd8
18.Bc1g5 { resign }
1-0

[Event "Match"]
[Site "www.echecsemail.com"]
[Date "2018.05.02"]
[Round "1"]
[White "Juheset"]
[Black "Fangshuo"]
[WhiteElo "1809"]
[BlackElo "2110"]
[Result "0-1"]
[Round "1"]
1.Ng1f3 c5
2.e4 b6
3.d4 cxd4
4.Nf3xd4 e5
5.Nd4f5 Ng8f6
6.Bc1g5 a6
7.Nf5d6 Bf8xd6
8.Qd1xd6 Qd8e7
9.Qd6xb6 Nb8c6
10.Bf1d3 Ra8b8
11.Qb6e3 Rb8xb2
12.c3 Qe7d6
13.Qe3f3 O-O
14.Bg5xf6 Qd6xf6
15.Qf3xf6 gxf6
16.O-O Nc6e7
17.Nb1a3 d5
18.exd5 Ne7xd5
19.Rf1c1 f5
20.Na3c4 Rb2b8
21.Nc4xe5 Rf8e8
22.Ne5c4 Nd5f4
23.Bd3f1 Bc8b7
24.Nc4d6 Re8e6
25.Nd6xf5 Kf8
26.Nf5h4 Rb8c8
27.g3 Nf4e2
28.Bf1xe2 Re6xe2
29.Nh4f5 Bb7d5
30.a3 f6
31.Kf1 Re2b2
32.Nf5e3 Bd5f3
33.c4 Rc8d8
34.Ra1b1 Rb2a2
35.Rb1b6 Kf7
36.Rb6xa6 Rd8d2
37.Kg1 Rd2xf2
38.Rc1c3 Rf2d2
39.Ne3f1 Rd2g2
40.Kh1 Rg2xh2
41.Kg1 Rh2h1
{ resign }
0-1

[Event "Match"]
[Site "www.echecsemail.com"]
[Date "2018.05.02"]
[Round "1"]
[White "Darknight"]
[Black "Whitekknight"]
[WhiteElo "1890"]
[BlackElo "1930"]
[Result "1-0"]
[Round "1"]
1.e4 e5
2.Bf1c4 Ng8f6
3.d3 h6
4.g4 d5
5.exd5 Bc8xg4
6.f3 Bg4h5
7.Qd1e2 Bf8d6
8.a3 O-O
9.h4 Nb8d7
10.Qe2g2 Kh7
11.Ng1e2 Bh5g6
12.Nb1c3 Nf6e8
13.Bc1g5 f6
14.Bg5d2 h5
15.O-O-O Rf8g8
16.Rd1g1 Nd7f8
17.d4 Qd8e7
18.f4 f5
19.fxe5 Bd6xa3
20.d6 cxd6
21.Bc4xg8 Kxg8
22.bxa3 dxe5
23.Nc3d5 Qe7xa3
24.Kd1 Qa3d6
25.Bd2b4 Qd6d7
26.Bb4xf8 { resign }
1-0

[Event "Match"]
[Site "www.echecsemail.com"]
[Date "2018.05.02"]
[Round "1"]
[White "Irene"]
[Black "Coraza"]
[WhiteElo "2010"]
[BlackElo "1780"]
[Result "1-0"]
[Round "1"]
1.d4 Ng8f6
2.Nb1c3 b6
3.e4 Bc8b7
4.Bf1d3 e6
5.Ng1f3 Bf8b4
6.Bc1d2 Bb4xc3
7.bxc3 Bb7xe4
8.O-O Nb8c6
9.Rf1e1 Be4xd3
10.cxd3 Qd8e7
11.Bd2f4 O-O-O
12.Ra1b1 Nf6d5
13.Qd1d2 h6
14.Bf4g3 Rd8g8
15.c4 Nd5f6
16.Qd2b2 g5
17.c5 d5
18.Re1c1 g4
19.cxb6 Kb7
20.bxa7 Ka8
21.Qb2b7 { resign }
1-0

[Event "Match"]
[Site "www.echecsemail.com"]
[Date "2018.05.02"]
[Round "1"]
[White "Juheset"]
[Black "Bojan"]
[WhiteElo "1809"]
[BlackElo "1980"]
[Result "0-1"]
[Round "1"]
1.e4 g6
2.d4 d5
3.e5 a6
4.c3 e6
5.Bc1e3 Bf8g7
6.Nb1d2 f6
7.Ng1f3 Nb8c6
8.exf6 Ng8xf6
9.Bf1d3 Qd8d6
10.g3 Nc6e7
11.Be3f4 Qd6b6
12.Qd1b1 c5
13.dxc5 Qb6xc5
14.O-O O-O
15.Bf4e3 Qc5c7
16.Be3f4 Qc7d7
17.Nf3e5 Qd7e8
18.Nd2f3 Ne7c6
19.Ne5xg6 hxg6
20.Bd3xg6 Qe8e7
21.Rf1e1 Nf6g4
22.Bg6h7 Kh8
23.Nf3h4 Rf8f6
24.Nh4g6 Rf6xg6
25.Bh7xg6 Nc6e5
26.Kg2 Ne5xg6
27.Qb1xg6 Ng4f6
28.Re1e5 Bc8d7
29.h4 Bd7e8
30.Qg6g5 Qe7d7
31.Ra1e1 Nf6e4
32.Qg5g4 Be8f7
33.c4 Qd7c6
34.cxd5 exd5
35.Re1c1 Qc6b6
36.Bf4e3 Qb6xb2
37.Rc1c8 Ra8xc8
38.Qg4xc8 Kh7
39.Qc8f5 Bf7g6
40.Qf5d7 Qb2xe5
41.f4 Qe5b2
42.Kh3 d4
43.Be3g1 Qb2c3
44.h5 Qc3xg3
{ resign }
0-1

[Event "Tourn. n9801"]
[Site "www.echecsemail.com"]
[Date "2018.05.02"]
[Round "1"]
[White "Tonino1"]
[Black "Bojan"]
[WhiteElo "1950"]
[BlackElo "1990"]
[Result "1-0"]
[Round "1"]
1.d4 g6
2.f4 d6
3.e3 Bf8g7
4.Bf1d3 Ng8f6
5.Ng1f3 Nb8c6
6.c3 Bc8e6
7.e4 Be6d7
8.h3 h6
9.O-O Nf6h7
10.Bc1e3 e6
11.Nb1d2 e5
12.fxe5 dxe5
13.d5 Nc6e7
14.Nd2c4 f6
15.Qd1d2 Nh7f8
16.Ra1d1 Bd7b5
17.d6 Ne7c6
18.dxc7 Qd8xc7
19.Nc4d6 Qc7xd6
20.Bd3xb5 Qd6xd2
21.Bb5xc6 Qd2d7
22.Bc6xd7 Nf8xd7
23.Rd1d2 b6
24.Rf1d1 Ra8d8
25.Nf3h4 g5
26.Nh4f5 Bg7f8
27.Rd2d5 Rh8h7
28.a4 Rd8b8
29.b4 a6
30.a5 bxa5
31.Rd5xa5 Rb8c8
32.Ra5xa6 Nd7b8
33.Ra6a8 Rh7c7
34.Be3a7 Nb8c6
35.Ra8xc8 Rc7xc8
36.Ba7c5 Bf8xc5
37.bxc5 h5
38.Nf5d6 { resign }
1-0

[Event "Match"]
[Site "www.echecsemail.com"]
[Date "2018.05.02"]
[Round "1"]
[White "Obisporey"]
[Black "Fegatux"]
[WhiteElo "2540"]
[BlackElo "2320"]
[Result "1-0"]
[Round "1"]
1.e4 d6
2.d4 Ng8f6
3.Nb1c3 c6
4.Ng1f3 Bc8g4
5.h3 Bg4h5
6.g4 Bh5g6
7.Bf1d3 e6
8.Qd1e2 Bf8e7
9.Bc1f4 Qd8a5
10.Bf4d2 Qa5c7
11.g5 Nf6h5
12.Nf3h4 Nb8d7
13.Nh4xg6 hxg6
14.Qe2e3 e5
15.Nc3e2 Qc7b6
16.O-O-O a5
17.c3 Qb6c7
18.f4 O-O-O
19.fxe5 dxe5
20.Kb1 exd4
21.cxd4 Kb8
22.Bd3c4 Rh8f8
23.Rh1f1 f6
24.gxf6 gxf6
25.Qe3h6 Rf8h8
26.Qh6xg6 b5
27.Bc4f7 Rd8f8
28.Rf1f5 Qc7h2
29.Qg6g4 Qh2c7
30.Rf5xh5 Rh8xh5
31.Qg4xh5 Kb7
32.Ne2f4 Qc7d6
33.Nf4e6 Rf8a8
34.Bd2f4 Qd6b4
35.Rd1c1 Be7d6
36.a3 { resign }
1-0

[Event "Match"]
[Site "www.echecsemail.com"]
[Date "2018.05.02"]
[Round "1"]
[White "Juheset"]
[Black "Reda"]
[WhiteElo "1809"]
[BlackElo "1790"]
[Result "1-0"]
[Round "1"]
1.e3 d5
2.d4 Bc8f5
3.Nb1c3 Nb8c6
4.Qd1f3 e6
5.Bc1d2 Bf5xc2
6.Ng1e2 Bc2d3
7.Ne2f4 Bf8b4
8.Bf1xd3 Ng8f6
9.O-O O-O
10.a3 Bb4d6
11.Nc3e2 Rf8e8
12.Nf4h5 Nf6xh5
13.Qf3xh5 g6
14.Qh5g4 h5
15.Qg4f3 Re8f8
16.Ne2c3 e5
17.Qf3xd5 Bd6e7
18.Qd5b5 exd4
19.exd4 Nc6xd4
20.Qb5xb7 Qd8c8
21.Qb7d5 Rf8d8
22.Qd5e5 Nd4b3
23.Bd2h6 Rd8xd3
24.Qe5g7 
1-0

[Event "Match"]
[Site "www.echecsemail.com"]
[Date "2018.05.02"]
[Round "1"]
[White "Guillaumefi"]
[Black "Cal"]
[WhiteElo "1399"]
[BlackElo "1610"]
[Result "1-0"]
[Round "1"]
1.c4 e5
2.e4 h6
3.Nb1c3 c6
4.g3 Ng8f6
5.d3 Bf8b4
6.Bc1d2 O-O
7.Bf1g2 d6
8.Qd1b3 a5
9.Nc3a4 Bc8e6
10.Bd2xb4 Nb8d7
11.Bb4xd6 Nf6h7
12.Bd6xf8 Nh7xf8
13.Qb3xb7 Nd7f6
14.Qb7b3 Ra8b8
15.Qb3c3 Nf8g6
16.Na4c5 Nf6g4
17.Nc5xe6 fxe6
18.Bg2h3 h5
19.Bh3xg4 hxg4
20.b3 c5
21.Qc3c1 Rb8b7
22.Qc1c3 Ng6h8
23.O-O-O Nh8f7
24.h3 Qd8g5
25.Qc3d2 Qg5g6
26.hxg4 Nf7g5
27.Rh1h5 Rb7a7
28.Rh5xg5 Qg6f6
29.Rd1f1 g6
30.Qd2e3 Ra7c7
31.Ng1f3 a4
32.Nf3xe5 Kg7
33.Rg5xg6 Qf6xg6
34.Ne5xg6 Kxg6
35.Rf1h1 { resign }
1-0

[Event "Match"]
[Site "www.echecsemail.com"]
[Date "2018.05.02"]
[Round "1"]
[White "Liencam2"]
[Black "Goofy"]
[WhiteElo "2300"]
[BlackElo "2340"]
[Result "0-1"]
[Round "1"]
1.e4 d6
2.d4 Ng8f6
3.Nb1c3 Nb8d7
4.f4 e5
5.Ng1f3 exd4
6.Qd1xd4 c6
7.Bc1e3 d5
8.e5 Nf6g4
9.Be3g1 Bf8c5
10.Qd4d2 Bc5xg1
11.Nf3xg1 Nd7c5
12.h3 Qd8h4
{ resign }
0-1

[Event "Match"]
[Site "www.echecsemail.com"]
[Date "2018.05.02"]
[Round "1"]
[White "Lug47"]
[Black "Eeze"]
[WhiteElo "1499"]
[BlackElo "1499"]
[Result "0-1"]
[Round "1"]
1.e4 e5
2.Nb1c3 c6
3.Ng1f3 d6
4.Bf1d3 h6
5.O-O Bf8e7
6.Qd1e2 b5
7.a4 b4
8.Nc3a2 a5
9.b3 Bc8g4
10.Bc1b2 Ng8f6
11.c3 c5
12.Bd3b5 Bg4d7
13.d4 Nb8c6
14.Ra1d1 O-O
15.Rd1d2 bxc3
16.Na2xc3 cxd4
17.Nc3d1 Nc6b4
18.Bb5d3 Qd8b6
19.Bd3c4 Bd7c6
20.Nf3h4 Bc6xe4
21.Nh4f5 Be4xf5
22.f4 d3
23.Qe2f2 Qb6xf2
24.Nd1xf2 e4
25.Rf1e1 d5
26.Bc4b5 Nb4c2
27.Re1c1 e3
28.Rd2d1 exf2
29.Kxf2 Be7c5
30.Kf1 Nc2e3
31.Ke1 Bc5b4
32.Rc1c3 Ne3xd1
33.Kxd1 Bb4xc3
34.Bb2xc3 Nf6g4
35.Kd2 Ng4xh2
36.b4 Nh2f1
37.Kd1 Nf1e3
38.Kd2 Ne3xg2
39.Bb5xd3 Bf5xd3
40.Kxd3 Ng2xf4
41.Kd4 Nf4e2
42.Kd3 Ne2xc3
43.Kxc3 axb4
44.Kxb4 d4
{ resign }
0-1